00566nam a2200205Ia 4500001000900000003000500009005001700014008004100031010001100072040000900083082001900092100003300111245007600144250003100220260003200251300001100283503001700294650001600311650003300327dia_4533CHAP20240202125800.0220117s2010 xx 000 0 und d a175191 cCHAP a621.3 B43 2010 aBecerril L., Diego Onésimo aInstalaciones eléctricas prácticas /c Diego Onésimo Becerril L. a12a ed. corr., aum. y act. aMéxico :b [s.n.],c2010 a225 p. aC/e (ej.1-5) aElectricity aInstalaciones eléctricas